000 00598nam a2200193 a 4500
001 000670045
003 AM-YeHGA
005 20250617141949.0
008 090626s1964 ||| r 000 0 rus d
040 _aAM-YeHGA
041 0 _arus
100 1 _aНикольская Лариса Антоновна
245 1 0 _aЗарницы :
_bСтихи /
_cЛариса Никольская.
260 _aЛенинград :
_bЛениздат,
_c1964.
300 _a33 с. :
_bпортр.
440 0 _aПервая книга поэта
653 0 _aРусская поэзия
090 _c250046
999 _c248453
_d248453